02116 2200949 4500001002100000008004200021035002000063245004000083110001900123250001300142260002800155300002200183020001800205084001400223082000800237650001100245990001400256990001400270990001400284990001400298990001400312990001400326990001400340990001400354990001400368990001400382990001400396990001400410990001400424990001400438990001400452990001400466990001400480990001400494990001400508990001400522990001400536990001400550990001400564990001400578990001400592990001400606990001400620990001400634990001400648990001400662990001400676990001400690990001400704990001400718990001400732990001400746990001400760990001400774990001400788990001400802990001400816990001400830990001400844990001400858990001400872990001400886990001400900990001400914990001400928990001400942990001400956990001400970990001400984990001400998990001401012990001401026990001401040990001401054990001401068990001401082990001401096990001401110990001401124990001401138990001401152INLIS000000000000017 JAWA  a0010-0323000004 aMARDIKA BASA LAN SATRA JAWAcTUKIJO aDapat dipinjam aTersedia aJAKARTAbERLANGGAc2022 a148c25 X 17,5 CM a9786232668263 a407 TUK m a407 aBAHASA aERL.10039 aERL.10040 aERL.10041 aERL.10042 aERL.10043 aERL.10044 aERL.10045 aERL.10046 aERL.10047 aERL.10048 aERL.10049 aERL.10050 aERL.10051 aERL.10052 aERL.10053 aERL.10054 aERL.10055 aERL.10056 aERL.10057 aERL.10058 aERL.10059 aERL.10060 aERL.10061 aERL.10062 aERL.10063 aERL.10064 aERL.10065 aERL.10066 aERL.10067 aERL.10068 aERL.10069 aERL.10070 aERL.10071 aERL.10072 aERL.10073 aERL.10074 aERL.10075 aERL.10076 aERL.10077 aERL.10078 aERL.10079 aERL.10080 aERL.10081 aERL.10082 aERL.10083 aERL.10084 aERL.10085 aERL.10086 aERL.10087 aERL.10088 aERL.10089 aERL.10090 aERL.10091 aERL.10092 aERL.10093 aERL.10094 aERL.10095 aERL.10096 aERL.10097 aERL.10098 aERL.10099 aERL.10100 aERL.10101 aERL.10102 aERL.10103